Indian Economy Problems of Development and Planning (Record no. 4866)

MARC details
000 -LEADER
fixed length control field 00370nam a2200145Ia 4500
008 - FIXED-LENGTH DATA ELEMENTS--GENERAL INFORMATION
fixed length control field 191201s2010 xx 000 0 und d
082 ## - DEWEY DECIMAL CLASSIFICATION NUMBER
Classification number 330.954
Item number AGI
100 ## - MAIN ENTRY--PERSONAL NAME
Personal name AGRAWAL, A.N
245 #0 - TITLE STATEMENT
Title Indian Economy Problems of Development and Planning
250 ## - EDITION STATEMENT
Edition statement 36th
260 ## - PUBLICATION, DISTRIBUTION, ETC. (IMPRINT)
Place of publication, distribution, etc N.Delhi
Name of publisher, distributor, etc New Age International
Date of publication, distribution, etc 2010
300 ## - PHYSICAL DESCRIPTION
Extent 781
650 ## - SUBJECT ADDED ENTRY--TOPICAL TERM
Topical term or geographic name as entry element BBA
942 ## - ADDED ENTRY ELEMENTS (KOHA)
Source of classification or shelving scheme Dewey Decimal Classification
Koha item type Text Books
Holdings
Withdrawn status Lost status Source of classification or shelving scheme Damaged status Not for loan Collection code Home library Current library Date acquired Source of acquisition Cost, normal purchase price Bill Number Total Checkouts Full call number Acc. no. / Barcode Date last seen Bill Date Koha item type Date last borrowed Checked out Public note
    Dewey Decimal Classification     BBA PIET C-LIBRARY PIET C-LIBRARY 29/07/2011 The book company 295.00 IN-858   330.954 AGI 17588 04/12/2019 27/07/2011 Text Books      
    Dewey Decimal Classification     BBA PIET C-LIBRARY PIET C-LIBRARY 29/07/2011 The book company 295.00 IN-858   330.954 AGI 17589 04/12/2019 27/07/2011 Text Books      
    Dewey Decimal Classification     BBA PIET C-LIBRARY PIET C-LIBRARY 29/07/2011 The book company 295.00 IN-858   330.954 AGI 17590 04/12/2019 27/07/2011 Text Books      
    Dewey Decimal Classification     BBA PIET C-LIBRARY PIET C-LIBRARY 29/07/2011 The book company 295.00 IN-858   330.954 AGI 17591 04/12/2019 27/07/2011 Text Books      
    Dewey Decimal Classification     BBA PIET C-LIBRARY PIET C-LIBRARY 29/07/2011 The book company 295.00 IN-858 1 330.954 AGI 17592 03/10/2024 27/07/2011 Text Books 20/09/2024    
    Dewey Decimal Classification     BBA PIET C-LIBRARY PIET C-LIBRARY 29/07/2011 The book company 295.00 IN-858 1 330.954 AGI 17593 22/01/2022 27/07/2011 Text Books 22/01/2022 21/07/2022 .
    Dewey Decimal Classification     BBA PIET C-LIBRARY PIET C-LIBRARY 29/07/2011 The book company 295.00 IN-858   330.954 AGI 17594 04/12/2019 27/07/2011 Text Books      

Design & Developed by: PIET Central Library
R70 Miles Stone Pattikalyana Samalkha Panipat 132102
mail ID :- [email protected], Phone No:- 0180-2569700 Ex.216